000 00334nam a22001577a 4500
003 SGT
020 _a978-93-325-1898-8
082 _a150
_bA15B
100 _aBUTCHER, JOMES N.
245 _aABNORMAL PSYCHOLOGY
250 _a15TH
260 _aINDIA
_bPEARSON
_c2015
300 _a732
650 _aPSYCHOLOGY
942 _2ddc
_cBK
999 _c10571
_d10571